[Event "HUN-chT3 0102"]
[Site "Hungary"]
[Date "2002.04.21"]
[Round "11"]
[White "Szidon, Peter"]
[Black "Kalmar, Karoly"]
[Result "1/2-1/2"]
[WhiteElo "2193"]
[BlackElo "2104"]
[PlyCount "89"]
[EventDate "2001.09.30"]
[EventType "team"]
[EventRounds "11"]
[EventCountry "HUN"]
[SourceTitle "EXT 2004"]
[Source "ChessBase"]
[SourceDate "2003.11.25"]
[SourceVersion "1"]
[SourceVersionDate "2003.11.25"]
[SourceQuality "1"]

1. e4 c6 2. d4 d5 3. e5 Bf5 4. Ne2 e6 5. Ng3 Bg6 6. h4 h6 7. h5 Bh7 8. Bd3 Bxd3 9. Qxd3 Nd7 10. Nd2 c5 11. c3 Qb6 12. Nf3 cxd4 13. cxd4 Ne7 14. 0-0 Nc6 15. Bd2 Be7 16. Rfc1 0-0 17. Ne2 Rfc8 18. Nh2 Qd8 19. Qg3 Kh7 20. Ng4 Qe8 21. Qd3+ Kh8 22. Nf4 Bg5 23. Nh3 Bxd2 24. Qxd2 Kh7 25. Rc3 Ne7 26. Rf3 Nf5 27. Ne3 Nxe3 28. fxe3 Qe7 29. Raf1 Rf8 30. g4 Kg8 31. Qg2 Qh4 32. Nf4 Qg5 33. Rg3 Rac8 34. Nh3 Qh4 35. g5 Rc2 36. Qf3 hxg5 37. Rxg5 f5 38. Rg2 Rxg2+ 39. Kxg2 Rc8 40. Nf4 Nf8 41. Qg3 Rc2+ 42. Rf2 Qxg3+ 43. Kxg3 Rxf2 44. Kxf2 Kf7 45. Kf3 1/2-1/2

[Event "HUN-chT2 0102"]
[Site "Hungary"]
[Date "2002.01.13"]
[Round "5"]
[White "Szidon, Peter"]
[Black "Szoboszlai, Zita"]
[Result "1-0"]
[WhiteElo "2193"]
[BlackElo "2021"]
[PlyCount "55"]
[EventDate "2001.??.??"]
[EventType "team"]
[EventRounds "11"]
[EventCountry "HUN"]
[SourceTitle "EXT 2004"]
[Source "ChessBase"]
[SourceDate "2003.11.25"]
[SourceVersion "1"]
[SourceVersionDate "2003.11.25"]
[SourceQuality "1"]

1. e4 Nf6 2. d3 d5 3. e5 Nfd7 4. d4 c5 5. c3 Nc6 6. Nf3 cxd4 7. cxd4 Nb6 8. Bb5 Bg4 9. h3 Bxf3 10. Qxf3 e6 11. 0-0 a6 12. Bxc6+ bxc6 13. Qg4 h5 14. Qg3 Nd7 15. Be3 g6 16. Rc1 Rc8 17. Nd2 Be7 18. Rc2 0-0 19. Rac1 Qb6 20. Nf3 c5 21. Bg5 Rfe8 22. Bxe7 Rxe7 23. Qg5 Ree8 24. Qh6 c4 25. g4 hxg4 26. hxg4 Qb4 27. Ng5 Nf8 28. Kg2 1-0

[Event "HUN-chT2 0102"]
[Site "Hungary"]
[Date "2001.11.18"]
[Round "3"]
[White "Metaxasz, Vaszilisz"]
[Black "Szidon, Peter"]
[Result "1/2-1/2"]
[WhiteElo "2198"]
[BlackElo "2193"]
[PlyCount "36"]
[EventDate "2001.??.??"]
[EventType "team"]
[EventRounds "11"]
[EventCountry "HUN"]
[SourceTitle "EXT 2004"]
[Source "ChessBase"]
[SourceDate "2003.11.25"]
[SourceVersion "1"]
[SourceVersionDate "2003.11.25"]
[SourceQuality "1"]

1. c4 Nf6 2. g3 c5 3. Bg2 g6 4. Nc3 Bg7 5. a3 Nc6 6. Rb1 0-0 7. b4 d6 8. d3 Ng4 9. Bd2 cxb4 10. axb4 Qb6 11. Nh3 Bd7 12. 0-0 Nf6 13. Nf4 Ne5 14. Ncd5 Nxd5 15. Nxd5 Qd8 16. f4 Ng4 17. e3 h5 18. Qe1 Bf5 1/2-1/2

[Event "HUN-chT 0001"]
[Site "Hungary"]
[Date "2001.03.25"]
[Round "9"]
[White "Farago, Sandor"]
[Black "Szidon, Peter"]
[Result "1-0"]
[WhiteElo "2292"]
[BlackElo "2204"]
[PlyCount "71"]
[EventDate "2000.11.26"]
[EventType "team"]
[EventRounds "11"]
[EventCountry "HUN"]
[SourceTitle "EXT 2009"]
[Source "ChessBase"]
[SourceDate "2008.11.26"]
[SourceVersion "1"]
[SourceVersionDate "2008.11.26"]
[SourceQuality "1"]
[WhiteTeam "Sarospatak"]
[BlackTeam "Penzugyor"]
[WhiteTeamCountry "HUN"]
[BlackTeamCountry "HUN"]

1. c4 Nf6 2. Nf3 c5 3. g3 g6 4. b3 b6 5. Bb2 Bg7 6. Bg2 Bb7 7. 0-0 0-0 8. d3 d6 9. e4 e5 10. Nc3 Nc6 11. Nh4 Nd4 12. Ne2 Ne6 13. Qd2 Nh5 14. Nf3 Qe7 15. Nc3 f5 16. exf5 gxf5 17. Nd5 Bxd5 18. cxd5 Nc7 19. Rae1 Qd7 20. Qg5 Nf6 21. Bxe5 h6 22. Qh4 Nfxd5 23. Bxg7 Qxg7 24. Qc4 b5 25. Qc2 Qc3 26. Qd1 Rae8 27. Nh4 Nb4 28. Rxe8 Nxe8 29. a3 Nxd3 30. Bd5+ Kg7 31. Qf3 f4 32. Qg4+ Kh8 33. Ng6+ Kg7 34. Nxf4+ Kh8 35. Ng6+ Kg7 36. Ne5+ 1-0

[Event "HUN-chT2 9798"]
[Site "Hungary"]
[Date "1998.??.??"]
[Round "?"]
[White "Molnar, Laszlo"]
[Black "Szidon, Peter"]
[Result "1-0"]
[WhiteElo "2220"]
[BlackElo "2215"]
[PlyCount "144"]
[EventDate "1997.??.??"]
[EventType "team"]
[EventRounds "11"]
[EventCountry "HUN"]
[SourceTitle "EXT 1999"]
[Source "ChessBase"]
[SourceDate "1998.11.16"]
[SourceVersion "1"]
[SourceVersionDate "1998.11.16"]
[SourceQuality "1"]

1. d4 Nf6 2. c4 e5 3. dxe5 Ng4 4. Bf4 Nc6 5. Nf3 Bc5 6. e3 f6 7. h3 Ngxe5 8. Nxe5 Bb4+ 9. Nd2 fxe5 10. Bg3 0-0 11. a3 Bxd2+ 12. Qxd2 d6 13. Be2 Be6 14. 0-0 Ne7 15. c5 Nf5 16. Bg4 Qe7 17. Bxf5 Rxf5 18. cxd6 cxd6 19. Qb4 a5 20. Qc3 Rff8 21. Rac1 Rfc8 22. Qd2 b6 23. Rfd1 Rxc1 24. Rxc1 Rc8 25. Rxc8+ Bxc8 26. Qd5+ Kf8 27. Qc6 Qd8 28. Bh4 Qd7 29. Qxb6 a4 30. Bd8 d5 31. Bc7 e4 32. Be5 Kf7 33. b4 axb3 34. Qxb3 Qb7 35. Qc3 g6 36. Qc5 Bd7 37. Qd6 Qc6 38. Qb8 Qc8 39. Qb6 Qc1+ 40. Kh2 Qc6 41. Qd8 h5 42. Qh8 Qe6 43. Qg7+ Ke8 44. Bd4 Qf7 45. Qh8+ Ke7 46. Bc5+ Ke6 47. Qb8 Be8 48. Qd6+ Kf5 49. Bd4 g5 50. Qh6 Qg6 51. Qh8 Qf7 52. Qh6 Qg6 53. Qf8+ Qf7 54. Qd6 Bd7 55. Qh6 g4 56. h4 Be8 57. Qg5+ Ke6 58. Qe5+ Kd7 59. Kg1 Kc8 60. Qd6 Qd7 61. Qa6+ Qb7 62. Qa5 Qb1+ 63. Kh2 Qb8+ 64. g3 Qb7 65. Bf6 Qc6 66. Qd8+ Kb7 67. Be5 Ka6 68. Qb8 Qb5 69. Qc8+ Ka5 70. Qa8+ Kb6 71. Qd8+ Kb7 72. Qc7+ Ka6 1-0

[Event "HUN-chT2 9798"]
[Site "Hungary"]
[Date "1998.??.??"]
[Round "?"]
[White "Szidon, Peter"]
[Black "Solti, Laszlo"]
[Result "1/2-1/2"]
[WhiteElo "2215"]
[BlackElo "2085"]
[PlyCount "27"]
[EventDate "1997.??.??"]
[EventType "team"]
[EventRounds "11"]
[EventCountry "HUN"]
[SourceTitle "EXT 1999"]
[Source "ChessBase"]
[SourceDate "1998.11.16"]
[SourceVersion "1"]
[SourceVersionDate "1998.11.16"]
[SourceQuality "1"]

1. e4 e6 2. d4 d5 3. Nc3 Nf6 4. exd5 exd5 5. Bd3 Be7 6. Nge2 0-0 7. 0-0 Nc6 8. a3 Bd6 9. Nb5 Be7 10. Bf4 Ne8 11. Re1 a6 12. Nbc3 Nf6 13. Qd2 Re8 14. Bg5 1/2-1/2